Представление документа в формате MARC21

Поле Инд. ПП Название Значение
Тип записи a
Библиографический уровень m
001 Контрольный номер 463dc4e6-5166-4c78-a484-a3ad22582bdb
005 Дата корректировки 20140226123713.4
008 Кодируемые данные 991123 d
020 a ISBN 5-250-01486-0
c Цена, тираж 75-00; 83-00; 3187-50; 3000-00; 12975-00
040 a Служба первич. каталог. НБ ТвГУ
041 a Код языка текста rus
080 a Индекс УДК 330
084 a Индекс другой классификации/Индекс ББК У
a Индекс другой классификации/Индекс ББК У018.5
a Индекс другой классификации/Индекс ББК У9(7США)0
090 a Полочн. индекс У
x Авторский знак М15
100 1_ a Автор Макконнелл Кэмпбелл Р
245 00 a Заглавие Экономикс
b Продолж. заглавия Принципы, пробл. и политика: [В 2 т.:Пер.с 11 англ.изд.]
n Номер части/ раздела Т.2
260 0_ a Место издания Москва
b Издательство Республика
c Дата издания 1992
300 a Объем 400 с.
b Иллюстрации/ тип воспроизводства ил.
504 a Библиография Перевод изд.:Economics Campbell R.McConnell, Stanley L.Brue (New York etc.)
583 a Действие Приписка 631 23.11.99
k Исполнитель действия Взамен утраченных
650 a Основная рубрика Экономикс
650 a Основная рубрика Экономика
x Основная подрубрика США
650 a Основная рубрика Экономическая теория
653 a Ключевые слова США
a Ключевые слова Экономика
a Ключевые слова Экономикс
a Ключевые слова Экономическая теория
700 1_ a Другие авторы Брю Стэнли Л
852 t Порядковый номер экземпляра 3
p Инвентарный номер 635916
p Инвентарный номер 638440
p Инвентарный номер 638442
852 t Порядковый номер экземпляра 10
p Инвентарный номер 716712 56.00
p Инвентарный номер 638290
p Инвентарный номер 635604
p Инвентарный номер 635605
p Инвентарный номер 635606
p Инвентарный номер 639143
p Инвентарный номер 638446
p Инвентарный номер 638447
p Инвентарный номер 638449
p Инвентарный номер 654633
888 a Бесплатные
952 p 631.99 56.00 1 716712
c Вид литературы К ру
999 a Подразделение 2 ч.з.
a Подразделение 2 Фил1